[Event "Xtracon Open 2019"]
[Site "Helsingor"]
[Date "2019.07.22"]
[Round "4.4"]
[White "Schrodt, Sebastian"]
[Black "Jaksland, Tim"]
[Result "1-0"]
[WhiteElo "2002"]
[BlackElo "2230"]
[Annotator "NA"]
[PlyCount "153"]
[EventDate "2019.07.19"]
[EventType "swiss"]
[EventCountry "DEN"]
[SourceTitle "playchess.com"]
[Source "ChessBase"]
[SourceQuality "1"]

1. c4 c5 2. Nf3 Nc6 3. Nc3 g6 4. b3 Bg7 5. Bb2 Nf6 6. g3 O-O 7. Bg2 d6 8. O-O Bf5 9. Re1 Qc8 10. d4 Ne4 11. Nd5 Re8 12. Nh4 cxd4 13. g4 Bxg4 14. Bxe4 g5 15. Nf3 Bxf3 16. Bxf3 e6 17. Rc1 Qd8 18. Kh1 exd5 19. cxd5 Ne5 20. Qxd4 Bf6 21. Bh5 Nd7 22. Qd2 Bxb2 23. Qxb2 Qf6 24. Qd2 Nc5 25. Rxc5 dxc5 26. Rg1 h6 27. f4 Qd4 28. Qxd4 cxd4 29. fxg5 Rad8 30. gxh6+ Kh7 31. Rd1 Kxh6 32. Bf3 Rd6 33. Rd2 d3 34. Rxd3 f5 35. Rd4 Kg7 36. Rc4 Re7 37. h4 Kf6 38. Kh2 Ke5 39. Kg3 Rg7+ 40. Kf2 Rd8 41. Ke3 Rd6 42. h5 Rh7 43. Rh4 Rc7 44. Kd3 Rh6 45. a4 Rb6 46. b4 Ra6 47. b5 Rh6 48. Rb4 b6 49. Rb1 Rh8 50. Rg1 Rhc8 51. Rg6 Rc2 52. Re6+ Kf4 53. Rc6 R2xc6 54. bxc6 Ke5 55. e4 fxe4+ 56. Bxe4 Rg8 57. h6 Rg3+ 58. Kc4 Kd6 59. h7 Rh3 60. Kb5 Kc7 61. Ka6 Rh4 62. Bc2 Rh5 63. Be4 Rh4 64. d6+ Kxd6 65. Kb7 Rxe4 66. h8=Q Re7+ 67. c7 Rxc7+ 68. Kb8 Rd7 69. Qc3 Kd5 70. Qd3+ Kc6 71. Qb5+ Kd6 72. Qc4 Ke7 73. Qc6 Rd6 74. Qe4+ Kd7 75. Qb7+ Ke8 76. Kxa7 Rd7 77. Kxb6 1-0

[Event "Xtracon Open 2019"]
[Site "Helsingor"]
[Date "2019.07.22"]
[Round "4.4"]
[White "Sandbech, Ted Henrik"]
[Black "Jacobsen, Heidrikur T."]
[Result "1/2-1/2"]
[WhiteElo "1687"]
[BlackElo "1885"]
[Annotator "NA"]
[PlyCount "136"]
[EventDate "2019.07.19"]
[EventType "swiss"]
[EventCountry "DEN"]
[SourceTitle "playchess.com"]
[Source "ChessBase"]
[SourceQuality "1"]

1. Nf3 Nf6 2. d4 g6 3. Nc3 d5 4. Bf4 Bg7 5. e3 O-O 6. Be2 b6 7. h3 Bb7 8. Qd2 c5 9. O-O Nc6 10. Rad1 e6 11. Nb5 Ne4 12. Qe1 Rc8 13. dxc5 bxc5 14. c3 a6 15. Na3 Qe7 16. Nd2 f5 17. Nxe4 fxe4 18. Bh2 Ne5 19. Qd2 Rf5 20. Bxe5 Bxe5 21. f4 exf3 22. Rxf3 Rcf8 23. Rdf1 Bb8 24. g4 Qc7 25. Bd1 Rxf3 26. Rxf3 Rxf3 27. Bxf3 Qg3+ 28. Bg2 a5 29. Qf2 Qe5 30. Bf1 Kg7 31. Nc2 Qd6 32. Na3 e5 33. Nb5 Qc6 34. a4 d4 35. Bg2 Qxg2+ 36. Qxg2 Bxg2 37. Kxg2 d3 38. c4 e4 39. Nc3 Be5 40. Nd1 Kf6 41. Kf2 h5 42. gxh5 gxh5 43. Kg2 Kf5 44. Kf2 Kg5 45. Kg2 Kf5 46. Kf2 Bf6 47. Kg2 Bh4 48. Nc3 Be1 49. Nd1 Kg5 50. Kh2 Kh4 51. Kg2 Bg3 52. b3 Be1 53. Kh2 Bg3+ 54. Kg2 Be5 55. Nf2 d2 56. Nd1 Kg5 57. Nf2 Kf5 58. Nd1 Ba1 59. Nf2 Ke5 60. Nd1 Kf5 61. Kg3 Bf6 62. Kg2 Bg5 63. Kg3 Ke5 64. Kf2 Bh4+ 65. Kg2 Kf5 66. Kf1 Be1 67. Kg2 Bh4 68. Kf1 Be1 1/2-1/2

[Event "Xtracon Open 2019"]
[Site "Helsingor"]
[Date "2019.07.22"]
[Round "4.5"]
[White "Tari, Aryan"]
[Black "Andre, Gordon"]
[Result "1-0"]
[WhiteElo "2620"]
[BlackElo "2381"]
[Annotator "ChessBase"]
[PlyCount "51"]
[EventDate "2019.07.19"]
[EventType "swiss"]
[EventCountry "DEN"]
[SourceTitle "playchess.com"]
[Source "ChessBase"]
[SourceQuality "1"]

1. e4 c6 2. d4 d5 3. e5 c5 4. Nf3 Nc6 5. c4 Bg4 6. cxd5 Qxd5 7. Nc3 Bxf3 8. Nxd5 Bxd1 9. Nc7+ Kd7 10. Nxa8 Bc2 11. d5 Nxe5 12. Bf4 Nd3+ 13. Bxd3 Bxd3 14. Bb8 Nf6 15. Bxa7 c4 16. Nb6+ Kd8 17. Rc1 e6 18. Nxc4 Nxd5 19. Ne5 Bb4+ 20. Kd1 Bg6 21. Bc5 Ba5 22. Ke2 Bh5+ 23. f3 Nf4+ 24. Kf2 Bc7 25. Rhd1+ Nd5 26. Nc4 1-0

[Event "Xtracon Open 2019"]
[Site "Helsingor"]
[Date "2019.07.22"]
[Round "4.5"]
[White "Bjerre, Jonas Buhl"]
[Black "Schmidt, Kristen"]
[Result "1/2-1/2"]
[WhiteElo "2503"]
[BlackElo "2225"]
[Annotator "ChessBase"]
[PlyCount "63"]
[EventDate "2019.07.19"]
[EventType "swiss"]
[EventCountry "DEN"]
[SourceTitle "playchess.com"]
[Source "ChessBase"]
[SourceQuality "1"]

1. e4 g6 2. d4 Bg7 3. Nc3 d6 4. Be3 a6 5. Qd2 b5 6. h4 h6 7. f3 Nd7 8. g4 Ngf6 9. Nge2 Nb6 10. Ng3 h5 11. g5 Nfd7 12. a4 b4 13. Nd1 a5 14. Nf2 c5 15. c3 bxc3 16. bxc3 O-O 17. Bb5 Ba6 18. Bxa6 Rxa6 19. Qe2 Qc8 20. O-O cxd4 21. cxd4 Nc4 22. Rac1 Rc6 23. d5 Rc7 24. Bf4 Ndb6 25. Rc2 Qd7 26. Rfc1 Rfc8 27. Nf1 Ne5 28. Rxc7 Rxc7 29. Rxc7 Qxc7 30. Bxe5 Bxe5 31. Qb5 Bd4 32. Qxa5 1/2-1/2

[Event "Xtracon Open 2019"]
[Site "Helsingor"]
[Date "2019.07.22"]
[Round "4.5"]
[White "Schwarz, Frank"]
[Black "Kakulidis, Ellen"]
[Result "1-0"]
[WhiteElo "2224"]
[BlackElo "1998"]
[Annotator "NA"]
[PlyCount "65"]
[EventDate "2019.07.19"]
[EventType "swiss"]
[EventCountry "DEN"]
[SourceTitle "playchess.com"]
[Source "ChessBase"]
[SourceQuality "1"]

1. c4 e6 2. g3 d5 3. Bg2 Nf6 4. Nf3 Be7 5. b3 O-O 6. Bb2 b6 7. O-O Bb7 8. d3 c5 9. Nbd2 Nbd7 10. e3 a5 11. a4 Qc7 12. Qe2 Rad8 13. Rac1 Qb8 14. cxd5 Nxd5 15. d4 Nb4 16. Nc4 Be4 17. Rfd1 cxd4 18. exd4 Bd5 19. Nfe5 Nf6 20. Bxd5 Nfxd5 21. Na3 Qb7 22. Qf3 Bf6 23. Nb5 Qe7 24. Ba3 Rc8 25. Rc4 Rxc4 26. bxc4 Nc7 27. Nc6 Qd7 28. Nxb4 axb4 29. Bxb4 Nxb5 30. Bxf8 Nxd4 31. Qa8 Bd8 32. Rxd4 Qxd4 33. Be7 1-0

[Event "Xtracon Open 2019"]
[Site "Helsingor"]
[Date "2019.07.22"]
[Round "4.5"]
[White "Holm, Ragnar"]
[Black "Heier, Odin Nikolai"]
[Result "1-0"]
[WhiteElo "2142"]
[BlackElo "1863"]
[Annotator "NA"]
[PlyCount "101"]
[EventDate "2019.07.19"]
[EventType "swiss"]
[EventCountry "DEN"]
[SourceTitle "playchess.com"]
[Source "ChessBase"]
[SourceQuality "1"]

1. d4 d5 2. c4 e6 3. Nc3 Nf6 4. cxd5 exd5 5. Bg5 Be7 6. e3 O-O 7. Bd3 c6 8. Qc2 h6 9. Bh4 Be6 10. Nf3 Nbd7 11. O-O c5 12. Rad1 Rc8 13. Bf5 c4 14. Ne5 Bxf5 15. Qxf5 Nb6 16. f4 Ne8 17. Bxe7 Qxe7 18. Qh3 Nf6 19. Qf3 Rcd8 20. g4 Nh7 21. Rd2 Rfe8 22. Re2 Nf8 23. g5 f6 24. gxf6 Qxf6 25. Rg2 Ne6 26. Qh5 Kh7 27. h4 Re7 28. Rg6 Qf8 29. f5 Nc7 30. f6 gxf6 31. Rfxf6 Qg7 32. Rxg7+ Rxg7+ 33. Rg6 Ne8 34. Qxh6+ Kg8 35. h5 Nc8 36. Qg5 Rd6 37. Rxg7+ Nxg7 38. h6 Rxh6 39. Qxh6 Ne7 40. Qf6 Nef5 41. Nxd5 c3 42. bxc3 Kh7 43. Ne7 Nxe7 44. Qxe7 b5 45. d5 b4 46. cxb4 a5 47. bxa5 Kg8 48. a6 Kh7 49. a7 Kh8 50. a8=Q+ Kh7 51. Qh4+ 1-0

[Event "Xtracon Open 2019"]
[Site "Helsingor"]
[Date "2019.07.22"]
[Round "4.5"]
[White "Christiansen, Jens Jorgen"]
[Black "Storme, Isak"]
[Result "0-1"]
[WhiteElo "2053"]
[BlackElo "2330"]
[Annotator "NA"]
[PlyCount "82"]
[EventDate "2019.07.19"]
[EventType "swiss"]
[EventCountry "DEN"]
[SourceTitle "playchess.com"]
[Source "ChessBase"]
[SourceQuality "1"]

1. d4 Nf6 2. c4 e6 3. Nf3 d5 4. Nc3 c6 5. e3 Nbd7 6. Bd3 dxc4 7. Bxc4 b5 8. Bd3 Bb7 9. e4 b4 10. Na4 c5 11. e5 Nd5 12. Nxc5 Nxc5 13. dxc5 Bxc5 14. Bb5+ Ke7 15. Bg5+ f6 16. Bh4 Nf4 17. O-O Qxd1 18. Rfxd1 Rhd8 19. exf6+ gxf6 20. Bg3 Ng6 21. Bc7 Rxd1+ 22. Rxd1 Bd5 23. Rc1 Bb6 24. a4 bxa3 25. bxa3 Bxc7 26. Rxc7+ Kd6 27. Rc1 Rb8 28. a4 Nf4 29. Kf1 Nxg2 30. Nd4 Nf4 31. Ne2 Rxb5 32. Nxf4 Rb4 33. Nxd5 exd5 34. Ra1 a5 35. Ke2 Ke5 36. Ra3 h5 37. Kd2 Rd4+ 38. Ke2 Rh4 39. h3 Rf4 40. f3 Rb4 41. Re3+ Kf4 0-1

[Event "Xtracon Open 2019"]
[Site "Helsingor"]
[Date "2019.07.22"]
[Round "4.6"]
[White "Karthikeyan, Murali"]
[Black "Fantinel, Thibault"]
[Result "1-0"]
[WhiteElo "2613"]
[BlackElo "2374"]
[Annotator "ChessBase"]
[PlyCount "79"]
[EventDate "2019.07.19"]
[EventType "swiss"]
[EventCountry "DEN"]
[SourceTitle "playchess.com"]
[Source "ChessBase"]
[SourceQuality "1"]

1. e4 e6 2. d4 d5 3. Nd2 c5 4. Ngf3 cxd4 5. exd5 Qxd5 6. Bc4 Qd7 7. O-O Nc6 8. Nb3 a6 9. a4 Nf6 10. Qe2 Bd6 11. Rd1 e5 12. Nbxd4 Nxd4 13. Rxd4 Qe7 14. Rh4 Bf5 15. Bg5 O-O 16. Bd3 Bxd3 17. Qxd3 h6 18. Bxh6 gxh6 19. Qd2 h5 20. Re1 Rfe8 21. Qg5+ Kh7 22. Nd4 exd4 23. Rxe7 Rxe7 24. Qf5+ Kg7 25. Qg5+ Kh7 26. g3 Re6 27. Rxd4 Rae8 28. Kg2 Bf8 29. Qf5+ Kg8 30. b4 Bg7 31. Qd3 Bf8 32. Qf3 b6 33. Rf4 Bg7 34. c4 a5 35. bxa5 bxa5 36. Rf5 Rc8 37. Rxa5 Rxc4 38. Ra8+ Kh7 39. Ra7 Ree4 40. Qf5+ 1-0

[Event "Xtracon Open 2019"]
[Site "Helsingor"]
[Date "2019.07.22"]
[Round "4.6"]
[White "Sawatzki, Frank"]
[Black "Hammer, Jon Ludvig"]
[Result "0-1"]
[WhiteElo "2385"]
[BlackElo "2637"]
[Annotator "TA"]
[PlyCount "156"]
[EventDate "2019.07.19"]
[EventType "swiss"]
[EventCountry "DEN"]
[SourceTitle "playchess.com"]
[Source "ChessBase"]
[SourceQuality "1"]

1. e4 c6 2. d4 d5 3. e5 Bf5 4. h4 h5 5. Bd3 Bxd3 6. Qxd3 Qa5+ 7. Nd2 e6 8. Ne2 Ne7 9. O-O Nf5 10. Nf3 Qa6 11. Qd1 c5 12. c3 cxd4 13. Nexd4 Nxd4 14. cxd4 Nc6 15. Bg5 Qb6 16. Re1 Bb4 17. Re3 Qc7 18. Rc1 Ba5 19. a3 Bb6 20. b4 Qd7 21. Rec3 a6 22. Qd3 Na7 23. R3c2 Kf8 24. Nd2 Kg8 25. Nb3 Rf8 26. Nc5 Bxc5 27. Rxc5 Nc6 28. Qc3 f6 29. exf6 gxf6 30. Be3 Rh7 31. a4 Ne7 32. Rc7 Qxa4 33. Rxb7 Nf5 34. Rxh7 Kxh7 35. Qc7+ Kg8 36. Qf4 Qxb4 37. g4 Nxe3 38. Qxe3 Qe7 39. gxh5 Kh7 40. Kh1 Qf7 41. Qd3+ f5 42. Qe2 Qe7 43. Kg2 Rf7 44. Kh3 Rg7 45. Qe5 Qa3+ 46. Qe3 Qxe3+ 47. fxe3 Rg4 48. Rc3 Kh6 49. Ra3 Kxh5 50. Rxa6 Re4 51. Ra3 Rxh4+ 52. Kg3 Kg5 53. Ra8 Re4 54. Kf3 Kf6 55. Ra3 f4 56. exf4 Rxd4 57. Re3 Rd1 58. Ke2 Rh1 59. Re5 Rh3 60. Kf2 Rh8 61. Kf3 Rf8 62. Re1 Ke7 63. Ke3 Ra8 64. Kf3 Kd6 65. Rd1 Ra3+ 66. Kf2 Kc5 67. Re1 Ra6 68. Ke3 d4+ 69. Ke4 Ra3 70. f5 exf5+ 71. Kxf5 Ra8 72. Re7 Ra1 73. Rc7+ Kd5 74. Kf4 Rf1+ 75. Kg3 Ke4 76. Kg2 Rf6 77. Re7+ Kd3 78. Rd7 Ke3 0-1

[Event "Xtracon Open 2019"]
[Site "Helsingor"]
[Date "2019.07.22"]
[Round "4.6"]
[White "Kucuksari, Kaan"]
[Black "Salerno, Christian"]
[Result "1-0"]
[WhiteElo "2310"]
[BlackElo "2047"]
[Annotator "NA"]
[PlyCount "123"]
[EventDate "2019.07.19"]
[EventType "swiss"]
[EventCountry "DEN"]
[SourceTitle "playchess.com"]
[Source "ChessBase"]
[SourceQuality "1"]

1. d4 Nf6 2. Nf3 g6 3. Nbd2 d5 4. e3 Bg7 5. c4 O-O 6. b4 b6 7. Bb2 c5 8. dxc5 bxc5 9. bxc5 Na6 10. Bd4 Qa5 11. Rb1 Bd7 12. Ne5 Ba4 13. Qc1 Ne4 14. f3 Nexc5 15. cxd5 Rfc8 16. Qa3 Rab8 17. Rxb8 Rxb8 18. Qc3 Nb4 19. Bc4 Nc2+ 20. Kf2 Qxc3 21. Bxc3 Na3 22. Be2 Rd8 23. e4 e6 24. Ba5 Rb8 25. Ndc4 exd5 26. exd5 Bxe5 27. Nxe5 Rb2 28. Bc3 Rxa2 29. Ra1 Rxa1 30. Bxa1 Nb5 31. Bb2 Nc7 32. Ba3 Nd7 33. d6 Ne6 34. Nxd7 Bxd7 35. Ba6 Kf8 36. Ke3 Ke8 37. f4 Bc6 38. g4 Kd7 39. Bc4 Nd8 40. Kd4 Ne6+ 41. Ke5 f6+ 42. Kxf6 Nxf4 43. g5 a5 44. Bg8 Nd5+ 45. Kf7 Nb6 46. Bxh7 Nc4 47. Bc5 Nxd6+ 48. Kxg6 Ne4 49. Ba3 Bd5 50. Kh6 Nxg5 51. Kxg5 Ke8 52. Kf6 Bf3 53. h4 Kd7 54. Ke5 Bh5 55. Bc2 Ke8 56. Ke6 Bg4+ 57. Kf6 Be2 58. Ba4+ Kd8 59. Bd6 Bf3 60. Kg6 Kc8 61. h5 Be4+ 62. Kg7 1-0

[Event "Xtracon Open 2019"]
[Site "Helsingor"]
[Date "2019.07.22"]
[Round "4.6"]
[White "Bering, Anders"]
[Black "Vesterli, Michael E."]
[Result "0-1"]
[WhiteElo "1999"]
[BlackElo "2221"]
[Annotator "NA"]
[PlyCount "84"]
[EventDate "2019.07.19"]
[EventType "swiss"]
[EventCountry "DEN"]
[SourceTitle "playchess.com"]
[Source "ChessBase"]
[SourceQuality "1"]

1. e4 c5 2. Nf3 d6 3. d4 cxd4 4. Nxd4 Nf6 5. f3 Nc6 6. c4 e5 7. Nc2 Be6 8. Nc3 Nd7 9. Be3 f5 10. exf5 Bxf5 11. Bd3 Be6 12. O-O Be7 13. Bf2 O-O 14. Ne3 Nf6 15. Ned5 Rc8 16. Rc1 Qa5 17. b4 Qd8 18. b5 Na5 19. Qe2 b6 20. Rfd1 Nh5 21. Ne4 Bxd5 22. cxd5 Nf4 23. Qf1 Kh8 24. Bb1 Rxc1 25. Rxc1 Nxd5 26. Be1 Nb7 27. Qc4 Nf4 28. Qc2 g6 29. Bc3 Bf6 30. Rd1 Bg7 31. Bb4 Qd7 32. Bxd6 Rd8 33. Rd2 Qxb5 34. a4 Qe8 35. Ba2 Ne6 36. Qb3 Nd4 37. Qd5 Qd7 38. Ng5 Nxd6 39. Qxd6 Qxd6 40. Nf7+ Kg8 41. Nxd6+ Kf8 42. Nb5 Nxf3+ 0-1

[Event "Xtracon Open 2019"]
[Site "Helsingor"]
[Date "2019.07.22"]
[Round "4.6"]
[White "Haugaard, Thomas"]
[Black "Sorensen, Bernhard W."]
[Result "0-1"]
[WhiteElo "1690"]
[BlackElo "1567"]
[Annotator "NA"]
[PlyCount "72"]
[EventDate "2019.07.19"]
[EventType "swiss"]
[EventCountry "DEN"]
[SourceTitle "playchess.com"]
[Source "ChessBase"]
[SourceQuality "1"]

1. d4 d5 2. c4 c6 3. Nf3 Bf5 4. Nc3 e6 5. e3 Bd6 6. Bd3 Bg6 7. e4 dxe4 8. Nxe4 Be7 9. O-O Nf6 10. Re1 Bh5 11. Nxf6+ Bxf6 12. d5 cxd5 13. cxd5 Qxd5 14. Qa4+ Nc6 15. Be4 Qd7 16. Rd1 Qc7 17. Bf4 e5 18. Bxe5 Bxe5 19. Nxe5 Bxd1 20. Bxc6+ bxc6 21. Rxd1 O-O 22. Nf3 Qb6 23. b3 Rfe8 24. Qc4 Rad8 25. Rc1 Rd6 26. h3 h6 27. Qf4 Qc7 28. Kh2 Rd7 29. Qxc7 Rxc7 30. Nd4 a6 31. Kg3 Re4 32. Rxc6 Rxc6 33. Nxc6 Re2 34. a4 Rc2 35. Na5 Kf8 36. Nc4 Rc3+ 0-1

[Event "Xtracon Open 2019"]
[Site "Helsingor"]
[Date "2019.07.22"]
[Round "4.7"]
[White "Hauge, Lars Oskar"]
[Black "Vocaturo, Daniele"]
[Result "0-1"]
[WhiteElo "2476"]
[BlackElo "2612"]
[Annotator "ChessBase"]
[PlyCount "72"]
[EventDate "2019.07.19"]
[EventType "swiss"]
[EventCountry "DEN"]
[SourceTitle "playchess.com"]
[Source "ChessBase"]
[SourceQuality "1"]

1. d4 Nf6 2. Nf3 d5 3. Bg5 Ne4 4. Bf4 f6 5. h3 c5 6. e3 Nc6 7. c3 Qb6 8. Nbd2 cxd4 9. exd4 e5 10. Be3 Qxb2 11. Nxe4 dxe4 12. Nd2 Qxc3 13. d5 Nd4 14. Rc1 Qa5 15. Qh5+ g6 16. Qh4 Kf7 17. d6 Nf5 18. Bc4+ Kg7 19. Qxe4 Nxd6 20. Qf3 Nxc4 21. Rxc4 Be7 22. O-O Be6 23. Qxb7 Bxc4 24. Qxe7+ Bf7 25. Ne4 Qd8 26. Bh6+ Kxh6 27. Qxf7 Rf8 28. Qb7 Qb6 29. Qe7 Rae8 30. Qd7 Rd8 31. Qe7 Qc6 32. Re1 Qd7 33. Qa3 Kg7 34. Nc5 Qe7 35. Rb1 Rb8 36. Ne6+ Kf7 0-1

[Event "Xtracon Open 2019"]
[Site "Helsingor"]
[Date "2019.07.22"]
[Round "4.7"]
[White "Nasshan, Dennis"]
[Black "Svane, Rasmus"]
[Result "0-1"]
[WhiteElo "2314"]
[BlackElo "2615"]
[Annotator "TA"]
[PlyCount "56"]
[EventDate "2019.07.19"]
[EventType "swiss"]
[EventCountry "DEN"]
[SourceTitle "playchess.com"]
[Source "ChessBase"]
[SourceQuality "1"]

1. d4 Nf6 2. c4 e6 3. Nf3 d5 4. g3 dxc4 5. Bg2 Bb4+ 6. Bd2 a5 7. O-O O-O 8. Qc2 Bxd2 9. Nbxd2 b5 10. a4 c6 11. Ne5 Nd5 12. Ne4 f6 13. Nf3 Qe7 14. Nfd2 Rd8 15. b3 cxb3 16. Nxb3 b4 17. Rfe1 Bd7 18. Nec5 Be8 19. e4 Nc3 20. Re3 e5 21. dxe5 fxe5 22. Rxc3 bxc3 23. Qxc3 Nd7 24. Nd3 c5 25. Nxa5 Nb6 26. Bf1 Nxa4 27. Qb3+ Kh8 28. Nc4 Rab8 0-1

[Event "Xtracon Open 2019"]
[Site "Helsingor"]
[Date "2019.07.22"]
[Round "4.7"]
[White "Rossen, Claus"]
[Black "Stray, Gunnar"]
[Result "0-1"]
[WhiteElo "2217"]
[BlackElo "1996"]
[Annotator "NA"]
[PlyCount "136"]
[EventDate "2019.07.19"]
[EventType "swiss"]
[EventCountry "DEN"]
[SourceTitle "playchess.com"]
[Source "ChessBase"]
[SourceQuality "1"]

1. e4 c5 2. Nf3 e6 3. d4 cxd4 4. Nxd4 Nc6 5. g3 a6 6. Bg2 Qc7 7. O-O Nf6 8. Nc3 Bb4 9. Nxc6 dxc6 10. Qd4 c5 11. Qc4 O-O 12. a3 b5 13. Qe2 Bxc3 14. bxc3 Bb7 15. c4 Bc6 16. Bb2 e5 17. f4 Nd7 18. Bh3 exf4 19. gxf4 Nb6 20. cxb5 Bxb5 21. Qg4 f6 22. Qh4 Na4 23. Be6+ Kh8 24. Bf5 g5 25. Bxf6+ Rxf6 26. fxg5 Rf7 27. Rf3 Rg8 28. Rh3 Qe7 29. g6 Qxh4 30. Rxh4 Re7 31. Rd1 Be8 32. Rd6 Bxg6 33. Kf2 Bxf5 34. exf5 Nc3 35. Rxa6 Rf8 36. f6 Ne4+ 37. Kf3 Nxf6 38. Rf4 Kg7 39. Rc6 Ra7 40. Rxc5 Rxa3+ 41. c3 Ra1 42. Kg2 Ra2+ 43. Kh3 Re8 44. Rcf5 Re3+ 45. Rf3 Rxf3+ 46. Rxf3 Rc2 47. Rd3 Kg6 48. Rd4 Rxc3+ 49. Kh4 Re3 50. Rd8 Kf5 51. Rf8 Re4+ 52. Kh3 Kg5 53. Rf7 Rh4+ 54. Kg2 Nh5 55. Ra7 Nf4+ 56. Kh1 Kg4 57. Rg7+ Kf3 58. Rg3+ Kf2 59. Ra3 Rg4 60. Ra2+ Ne2 61. h3 Rg7 62. Kh2 h5 63. Rb2 Rg5 64. Ra2 Ke3 65. Ra3+ Ke4 66. Ra2 Nd4 67. Ra4 h4 68. Ra1 Rg3 0-1

[Event "Xtracon Open 2019"]
[Site "Helsingor"]
[Date "2019.07.22"]
[Round "4.7"]
[White "Nielsen, Jorgen Lovgren"]
[Black "Berg, Klaus"]
[Result "0-1"]
[WhiteElo "2053"]
[BlackElo "2295"]
[Annotator "NA"]
[PlyCount "112"]
[EventDate "2019.07.19"]
[EventType "swiss"]
[EventCountry "DEN"]
[SourceTitle "playchess.com"]
[Source "ChessBase"]
[SourceQuality "1"]

1. e4 c6 2. d4 d5 3. Nc3 a6 4. Nf3 Bg4 5. Be2 e6 6. O-O Nf6 7. exd5 cxd5 8. Bf4 Nc6 9. h3 Bxf3 10. Bxf3 Qb6 11. Ne2 Qxb2 12. Rb1 Qxa2 13. Rxb7 Be7 14. Rc7 Na7 15. Qa1 Qxa1 16. Rxa1 Nb5 17. Rb7 Nd6 18. Rb6 Kd7 19. Raxa6 Rxa6 20. Rxa6 Rc8 21. Ra7+ Ke8 22. Ra2 Nd7 23. Kf1 Rb8 24. Nc1 g5 25. Bxd6 Bxd6 26. Nb3 Rc8 27. Ke1 Nf6 28. Kd1 h5 29. Ra6 Ke7 30. Ra7+ Kf8 31. Ra6 Bb4 32. Ra4 Be7 33. Nd2 Kg7 34. Ra7 Bd6 35. Ra6 Bb4 36. Rb6 Bc3 37. Nb3 Rc4 38. Be2 Bxd4 39. Rxe6 fxe6 40. Bxc4 Bxf2 41. Bd3 e5 42. Ke2 Bb6 43. Bf5 Ne8 44. Be6 Nc7 45. Bf5 Kf6 46. g4 hxg4 47. hxg4 Nb5 48. Bh7 e4 49. Bg8 d4 50. Nd2 Nc3+ 51. Ke1 Bc7 52. Bh7 Bg3+ 53. Kf1 Ke5 54. Kg2 Kf4 55. Nf1 Bh4 56. Nd2 e3 0-1

[Event "Xtracon Open 2019"]
[Site "Helsingor"]
[Date "2019.07.22"]
[Round "4.7"]
[White "Linjord, Anders Jess"]
[Black "Jannik, Morten Emil"]
[Result "1/2-1/2"]
[WhiteElo "1222"]
[BlackElo "1561"]
[Annotator "NA"]
[PlyCount "30"]
[EventDate "2019.07.19"]
[EventType "swiss"]
[EventCountry "DEN"]
[SourceTitle "playchess.com"]
[Source "ChessBase"]
[SourceQuality "1"]

1. c4 e5 2. Nc3 Nf6 3. g3 c6 4. Bg2 d6 5. d3 g6 6. Bg5 Bg7 7. e3 Nbd7 8. Nge2 h6 9. Bxf6 Nxf6 10. O-O O-O 11. Ne4 Nxe4 12. Bxe4 Bg4 13. Bg2 Bxe2 14. Qxe2 Rb8 15. Rab1 Qe7 1/2-1/2

[Event "Xtracon Open 2019"]
[Site "Helsingor"]
[Date "2019.07.22"]
[Round "4.8"]
[White "Andersen, Mads"]
[Black "Pantzar, Milton"]
[Result "1/2-1/2"]
[WhiteElo "2605"]
[BlackElo "2357"]
[Annotator "ChessBase"]
[PlyCount "173"]
[EventDate "2019.07.19"]
[EventType "swiss"]
[EventCountry "DEN"]
[SourceTitle "playchess.com"]
[Source "ChessBase"]
[SourceQuality "1"]

1. Nf3 Nf6 2. g3 d5 3. Bg2 c6 4. c4 g6 5. Qa4 Nbd7 6. cxd5 Nb6 7. Qb3 cxd5 8. d4 Bg7 9. O-O O-O 10. Ne5 Nfd7 11. Nf3 Nb8 12. Nc3 Nc6 13. Rd1 e6 14. Bf4 Bd7 15. Rac1 Rc8 16. Nb5 Na5 17. Qb4 Bxb5 18. Qxb5 Rxc1 19. Bxc1 Nc6 20. e3 Qd7 21. Ne1 Rc8 22. Nd3 Qc7 23. Nc5 a6 24. Qe2 Nd7 25. Nd3 Qb6 26. Bd2 Bf8 27. Rc1 Na7 28. Rb1 Nb5 29. Qe1 Nd6 30. Bf1 Qd8 31. Qd1 Nc4 32. Be1 Qc7 33. a4 Nd6 34. Rc1 Qb8 35. Nc5 Nxc5 36. dxc5 Ne4 37. b4 a5 38. f3 Nf6 39. Bc3 Ne8 40. Bb5 axb4 41. Bxb4 b6 42. Qd4 bxc5 43. Bxc5 Nd6 44. Qf4 Nxb5 45. Qxb8 Rxb8 46. Bxf8 Kxf8 47. Rb1 Ke7 48. f4 Rb7 49. axb5 Kd6 50. Kf2 Kc5 51. Rc1+ Kd6 52. Rb1 h5 53. h3 Kc5 54. Rc1+ Kxb5 55. Rc8 Kb6 56. g4 hxg4 57. hxg4 Rc7 58. Rd8 Kc6 59. Kf3 Rd7 60. Ra8 Kd6 61. Ra6+ Ke7 62. g5 f6 63. gxf6+ Kxf6 64. Ra8 Rb7 65. Rf8+ Kg7 66. Rd8 Rb3 67. Kf2 Ra3 68. Ke2 Kf6 69. Rf8+ Ke7 70. Rg8 Kf7 71. Rd8 Ra1 72. Kf3 Ra3 73. Ke2 Ra7 74. Kf3 Re7 75. e4 dxe4+ 76. Kxe4 Re8 77. Rd7+ Kf6 78. Kf3 Ra8 79. Rb7 Ra3+ 80. Kg4 Ra4 81. Kf3 g5 82. fxg5+ Kxg5 83. Rb5+ Kf6 84. Ke3 Rg4 85. Ra5 Rg5 86. Rxg5 Kxg5 87. Ke4 1/2-1/2

[Event "Xtracon Open 2019"]
[Site "Helsingor"]
[Date "2019.07.22"]
[Round "4.8"]
[White "Hansen, Sune Berg"]
[Black "Welling, Gerard"]
[Result "1-0"]
[WhiteElo "2575"]
[BlackElo "2310"]
[Annotator "TA"]
[PlyCount "43"]
[EventDate "2019.07.19"]
[EventType "swiss"]
[EventCountry "DEN"]
[SourceTitle "playchess.com"]
[Source "ChessBase"]
[SourceQuality "1"]

1. c4 e5 2. Nc3 d6 3. g3 f5 4. Bg2 Nf6 5. d4 Be7 6. Nf3 e4 7. Ng5 h6 8. Nh3 g5 9. d5 c5 10. f3 exf3 11. exf3 Nbd7 12. O-O Nf8 13. Qc2 Bd7 14. Bd2 Ng6 15. Rae1 O-O 16. f4 g4 17. Nf2 a6 18. Re6 Bxe6 19. dxe6 Ne8 20. Nxg4 Kh7 21. Ne3 Ng7 22. Bh3 1-0

[Event "Xtracon Open 2019"]
[Site "Helsingor"]
[Date "2019.07.22"]
[Round "4.8"]
[White "Buchenau, Frank"]
[Black "Zemlickova, Olena"]
[Result "1-0"]
[WhiteElo "2294"]
[BlackElo "2043"]
[Annotator "NA"]
[PlyCount "113"]
[EventDate "2019.07.19"]
[EventType "swiss"]
[EventCountry "DEN"]
[SourceTitle "playchess.com"]
[Source "ChessBase"]
[SourceQuality "1"]

1. e4 e5 2. Bc4 Nf6 3. d3 c6 4. Nf3 Be7 5. O-O d6 6. c3 O-O 7. Bb3 Bg4 8. h3 Bh5 9. Re1 Nbd7 10. Nbd2 Nc5 11. Bc2 Ne6 12. Nf1 Bxf3 13. Qxf3 Nd7 14. Ng3 g6 15. Bh6 Re8 16. Rad1 Bg5 17. Bxg5 Qxg5 18. d4 Qe7 19. Ne2 Ng7 20. Qe3 Nb6 21. f4 Rad8 22. Rf1 exf4 23. Qxf4 f5 24. Ng3 fxe4 25. Nxe4 Nh5 26. Qh6 d5 27. Ng5 Qg7 28. Qxg7+ Nxg7 29. Nf7 Rd7 30. Nh6+ Kh8 31. Rde1 Rxe1 32. Rxe1 Nh5 33. g4 Nf4 34. h4 g5 35. hxg5 Nh3+ 36. Kg2 Nxg5 37. Kg3 Kg7 38. Nf5+ Kf6 39. Rh1 Nc4 40. Rh6+ Kf7 41. Kh4 Nf3+ 42. Kh5 Kg8 43. Rf6 Ne1 44. Bb3 Nd2 45. g5 Nd3 46. Nh6+ Kg7 47. Bc2 Ne4 48. Nf5+ Kg8 49. Bxd3 Nxf6+ 50. gxf6 Rd8 51. Nh6+ Kf8 52. Bxh7 Re8 53. Ng4 Re2 54. Ne5 Rxb2 55. Bg6 Rf2 56. Kg5 a5 57. Nd7+ 1-0

[Event "Xtracon Open 2019"]
[Site "Helsingor"]
[Date "2019.07.22"]
[Round "4.8"]
[White "Eriksson, Jorgen"]
[Black "Glibstrup, Jakob"]
[Result "1-0"]
[WhiteElo "2211"]
[BlackElo "1993"]
[Annotator "NA"]
[PlyCount "63"]
[EventDate "2019.07.19"]
[EventType "swiss"]
[EventCountry "DEN"]
[SourceTitle "playchess.com"]
[Source "ChessBase"]
[SourceQuality "1"]

1. Nf3 Nf6 2. c4 g6 3. g3 Bg7 4. Bg2 O-O 5. d4 d6 6. Nc3 Nc6 7. d5 Na5 8. Nd2 c5 9. O-O a6 10. Rb1 e6 11. e4 exd5 12. cxd5 b5 13. b3 Bd7 14. Qc2 Rc8 15. Bb2 Re8 16. h3 Qb6 17. Kh2 Rc7 18. Ba1 Rec8 19. f4 Ne8 20. Rfe1 c4 21. b4 Nb3 22. axb3 cxb3 23. Rxb3 a5 24. e5 axb4 25. Rxb4 Qa5 26. Qb3 Ra7 27. Bb2 Qb6 28. Re2 h5 29. Nxb5 Rb8 30. Bd4 Qxb5 31. Rxb5 Rxb5 32. Bxa7 1-0